000 00907nam a2200265 a 4500
001 59954
003 BD-RjUL
005 20211209080805.0
008 161228s1973 enka b 001 0 eng
035 _a(BD-RjUL) 60078
040 _aDLC
_cDLC
_dEQO
_dBD-RjUL
_beng
041 _aeng
082 _a515.7302433
_223
_bKLM 1973
100 1 _aKlein, Erwin,
_d1935-
_9178339
245 1 0 _aMathematical methods in theoretical economics :
_btopological and vector space foundations of equilibrium analysis /
_c Erwin, Klein
260 _aNew York :
_bAcademic Press,
_cc1973
300 _axix, 388 p. :
_bill. ;
_c24 cm.
490 0 _aEconomic theory and mathematical economics
504 _aBibliography: p. 370-376.
650 0 _aVector spaces.
_9178340
650 0 _aTopology.
_9178341
650 0 _aEconomics, Mathematical
_9172336
856 _3Economic theory and mathematical economics
942 _2ddc
_cBK
999 _c59954
_d59954